Die besten 3 Scorer jeder Saison der 3. Liga - Statistiken

Allgemein
  • Dieses Quiz wurde 14 mal gespielt
  • Das Durchschnittsergebnis liegt bei 10 aus 51
Antwortstatistiken
Saison # Scorer T V Verein Spieler % Korrekt
2021/22 1. 40 19 21 1. FC Magdeburg Baris Atik
50%
2013/14 1. 35 27 8 SV Darmstadt 98 Dominik Stroh-Engel
50%
2024/25 1. 28 13 15 SC Verl Berkan Taz
42%
2. 24 18 6 SG Dynamo Dresden Christoph Daferner
42%
3. 29 17 12 SV Meppen Deniz Undav
42%
2019/20 1. 31 24 7 FC Bayern München II Kwasi Okyere Wriedt
42%
2023/24 1. 29 12 17 SSV Ulm 1846 Leonardo Scienza
42%
3. 23 15 8 Energie Cottbus Timmy Thiele
42%
2. 28 13 15 RB Leipzig Dominik Kaiser
33%
2014/15 1. 28 23 5 DSC Arminia Bielefeld Fabian Klos
33%
2. 28 21 7 TSV 1860 München Marcel Bär
33%
2012/13 1. 33 16 17 1. FC Heidenheim Marc Schnatterer
33%
3. 27 13 14 1. FC Heidenheim Marc Schnatterer
33%
2. 30 15 15 TSV 1860 München Sascha Mölders
33%
2020/21 1. 31 22 9 TSV 1860 München Sascha Mölders
33%
2017/18 1. 32 19 13 SC Paderborn 07 Sven Michel
33%
3. 22 17 5 1. FC Magdeburg Christian Beck
25%
2. 27 19 8 Eintracht Braunschweig Dominik Kumbela
25%
2022/23 1. 34 25 9 SG Dynamo Dresden Ahmet Arslan
17%
2008/09 1. 31 21 10 SpVgg Unterhaching Anton Fink
17%
2. 30 20 10 Chemnitzer FC Anton Fink
17%
2. 26 15 11 Chemnitzer FC Anton Fink
17%
2016/17 1. 23 12 11 Chemnitzer FC Anton Fink
17%
2. 25 15 10 Karlsruher SC Anton Fink
17%
2. 30 19 11 VfL Osnabrück Ba-Muaka Simakala
17%
3. 23 18 5 FC Ingolstadt 04 Jannik Mause
17%
2. 29 22 7 SV Wehen Wiesbaden Manuel Schäffler
17%
3. 24 16 8 SV Wehen Wiesbaden Manuel Schäffler
17%
2. 23 13 10 Borussia Dortmund II Ole Pohlmann
17%
3. 24 7 17 TSV 1860 München Stefan Lex
17%
3. 26 17 9 SG Dynamo Dresden Alexander Esswein
8%
2. 22 7 15 Holstein Kiel Dominick Drexler
8%
3. 28 17 11 Karlsruher SC Hakan Calhanoglu
8%
3. 23 19 4 SG Dynamo Dresden Justin Eilers
8%
2015/16 1. 31 23 8 SG Dynamo Dresden Justin Eilers
8%
2. 24 17 7 FC Rot-Weiß Erfurt Marcel Reichwein
8%
2. 26 21 5 FC Ingolstadt 04 Moritz Hartmann
8%
3. 26 17 9 1. FC Magdeburg Philip Türpitz
8%
3. 24 18 6 Hallescher FC Terrence Boyd
8%
3. 23 14 9 SSV Jahn Regensburg Tobias Schweinsteiger
8%
3. 24 15 9 1. FC Heidenheim Andreas Spann
0%
2010/11 1. 27 16 11 Eintracht Braunschweig Dennis Kruppke
0%
3. 27 12 15 SV Elversberg Jannik Rochelt
0%
3. 23 14 9 Fortuna Köln Julius Biada
0%
2018/19 1. 28 22 6 Karlsruher SC Marvin Pourie
0%
2. 25 15 10 1. FC Saarbrücken Nicklas Shipnoski
0%
2009/10 1. 28 22 6 SV Sandhausen Regis Dorn
0%
3. 22 8 14 SpVgg Unterhaching Robert Zillner
0%
2011/12 1. 25 8 17 Chemnitzer FC Ronny Garbuschewski
0%
2. 25 17 8 SC Paderborn 07 Sercan Güvenisik
0%
2. 25 17 8 MSV Duisburg Zlatko Janjic
0%
Keine übereinstimmenden Quizze gefunden
Verteilung der Resultate
Anzahl Personen mit jedem Resultat
Perzentil nach korrekt beantworteten Fragen
Ihre Resultats-Entwicklung
Sie haben dieses Quiz noch nicht gespielt